Gynaecology by ten teachers/ (Record no. 114928)

MARC details
000 -LEADER
fixed length control field 00751nam a2200265 a 4500
008 - FIXED-LENGTH DATA ELEMENTS--GENERAL INFORMATION
fixed length control field
020 ## - INTERNATIONAL STANDARD BOOK NUMBER
International Standard Book Number 0713141816 (pbk.)
049 ## - LOCAL HOLDINGS (OCLC)
Holding library MAIN
090 00 - LOCALLY ASSIGNED LC-TYPE CALL NUMBER (OCLC); LOCAL CALL NUMBER (RLIN)
Classification number (OCLC) (R) ; Classification number, CALL (RLIN) (NR) RG123 GYN
003 - CONTROL NUMBER IDENTIFIER
control field
005 - DATE AND TIME OF LATEST TRANSACTION
control field 20230120203957.0
040 ## - CATALOGING SOURCE
Transcribing agency NUST
245 00 - TITLE STATEMENT
Title Gynaecology by ten teachers/
Statement of responsibility, etc. edited by Stanley G.Clayton ,Donald Fraser and T. l. T. Lewis
250 ## - EDITION STATEMENT
Edition statement 12th ed.
260 ## - PUBLICATION, DISTRIBUTION, ETC.
Place of publication, distribution, etc. London :
Name of publisher, distributor, etc. Arnold ,
Date of publication, distribution, etc. 1971.
300 ## - PHYSICAL DESCRIPTION
Extent ix, 548 p. :
Other physical details ill. ;
Dimensions 22 cm.
500 ## - GENERAL NOTE
General note Includes index.
650 #0 - SUBJECT ADDED ENTRY--TOPICAL TERM
Topical term or geographic name entry element Gynaecology.
650 12 - SUBJECT ADDED ENTRY--TOPICAL TERM
Topical term or geographic name entry element Genital Diseases, Female.
700 1# - ADDED ENTRY--PERSONAL NAME
Personal name Fraser,Stanley
700 1# - ADDED ENTRY--PERSONAL NAME
Personal name Lewis,T. L. T.
730 0# - ADDED ENTRY--UNIFORM TITLE
Uniform title Obstetrics.
907 ## - LOCAL DATA ELEMENT G, LDG (RLIN)
a .b10254304
b 16-09-15
c 10-04-08
942 ## - ADDED ENTRY ELEMENTS (KOHA)
Koha item type Ordinary Loan Books
Call number prefix RG123 GYN
Holdings
Date last seen Total Checkouts Full call number Barcode Cost, replacement price Price effective from Koha item type Lost status Source of classification or shelving scheme Damaged status Not for loan Collection Withdrawn status Home library Current library Shelving location Date acquired Cost, normal purchase price
01/20/2023 2 RG123 GYN 92004041182 80.00 01/20/2023 BOOKS   LCC     NFIC   Medical Medical GEN 01/20/2023 80.00